Siyasi partiler ve seçim kanunlarında değişiklik önerileri (Record no. 1512)

MARC details
000 -BAŞLIK
Sabit Uzunlukta Kontrol Alanı 01070na a2200301 4500
001 - KONTROL NUMARASI
Denetim Alanı 15677
003 - KONTROL NUMARASI IDENTIFIER
Denetim Alanı MIRAKIL
005 - SON İŞLEM TARİHİ VE ZAMANI
Denetim Alanı 20181213154825.0
008 - SABİT-BOY VERİ ELEMANLARI - GENEL BİLGİLER
Sabit Uzunlukta Kontrol Alanı 160920b tu 000 0
020 ## - ULUSLARARASI STANDART KİTAP NUMARASI
Uluslararası Standart Kitap Numarası 9876922
035 ## - SİSTEM KONTROL NUMARASI
Sistem Kontrol Numarası 15677
040 ## - KATALOGLAMA KAYNAK
Orijinal Kataloglama Ajansı Milas
Kataloglama Dili tur
Metne Dönüştürmek Ajansı TR-AnCHP
082 ## - DEWEY ONLU SINIFLANDIRMA NUMARASI
Sınıflandırma Numarası 342.56107
Ürün Numarası S59s 2005
090 ## - SINIFLAMA NUMARASI
Sınıflama Numarası 342.56107 S59s 2005
111 ## - ANA GİRİŞ - TOPLANTI ADI
Giriş Elemanı Olarak Toplantı Adı Veya Yargı Alanı Adı Siyasi Partiler ve Seçim Kanunlarında Değişiklik Önerileri
Toplantının Yeri Ankara
Toplantı Veya Antlaşma İmzalandığı Tarihi 2005
245 ## - BAŞLIK TABLOSU
Başlık Siyasi partiler ve seçim kanunlarında değişiklik önerileri
Başlığın Kalan 18-19 şubat 2005 Ankara
Sorumluluk Tablosu, Vb yayına hazırlayanlar Erol Tuncer, Cavit Sıdal, Hanife Yurtseven
260 ## - YAYIN, DAĞITIM, VB
Yayın, Dağıtım, Vb Yeri Ankara
Yayıncı, Dağıtıcı, Vs Adı TESAV
Yayın, Dağıtım, Vb Tarihi 2005
300 ## - FİZİKSEL TANIM
Kapsam 253 s.
Boyutlar 24 sm.
490 ## - SERİSİ TABLOSU
Seri Beyanı TESAV yayınları
Hacim / Ardışık Tanımı 28
650 ## - KONU KATMA GİRİŞ - TOPİKAL DÖNEM
Topikal Süreli Veya Coğrafi Ad Giriş Elemanı Seçim hukuku
Genel Alt Bölümü Toplantılar
Coğrafi Alt Bölümü Türkiye
650 ## - KONU KATMA GİRİŞ - TOPİKAL DÖNEM
Topikal Süreli Veya Coğrafi Ad Giriş Elemanı Kanun değişiklikleri
Genel Alt Bölümü Toplantılar
Coğrafi Alt Bölümü Türkiye
650 ## - KONU KATMA GİRİŞ - TOPİKAL DÖNEM
Topikal Süreli Veya Coğrafi Ad Giriş Elemanı Siyasal Partiler Kanunu
Genel Alt Bölümü Toplantılar
Coğrafi Alt Bölümü Türkiye
650 ## - KONU KATMA GİRİŞ - TOPİKAL DÖNEM
Topikal Süreli Veya Coğrafi Ad Giriş Elemanı Seçim kanunları
Genel Alt Bölümü Öneriler
Kronolojik Alt Bölümü Toplantılar
Coğrafi Alt Bölümü Türkiye
700 ## - KATMA GİRİŞ - KİŞİSEL İSİM
Kişisel Ad Yurtseven, Hanife
700 ## - KATMA GİRİŞ - KİŞİSEL İSİM
Kişisel Ad Sıdal, Cavit
700 ## - KATMA GİRİŞ - KİŞİSEL İSİM
Kişisel Ad Tuncer, Erol
942 ## - EKLENDİ GİRİŞ ELEMANLARI (KOHA)
Sınıflandırma Veya Raf Düzeni Kaynak Dewey Decimal Classification
Koha Öğesi Türü Books
999 ## - SİSTEM KONTROL NUMARALARI (KOHA)
Koha Biblionumber 1512
Koha Biblioitemnumber 1512
Holdings
Kalıcı Konum Mevcut Konum Edinme Tarihi Edinim Kaynak Toplam Check-Out'Lar Tam Çağrı Numarası Barkod Tarih Son Görülme İtibaren Geçerli Fiyatlar Koha Öğesi Türü Kopya Sayısı
CHP Kütüphanesi CHP Kütüphanesi 09/20/2016 Bağış   342.56107 S59s 2005 003957 09/20/2016 09/20/2016 Books  
CHP Kütüphanesi CHP Kütüphanesi 09/20/2016 Bağış   342.56107 S59s 2005 003958 09/20/2016 09/20/2016 Books k.2